|
|
|
|
| LEADER |
00797nab a2200217 i 4500 |
| 001 |
misc64354 |
| 005 |
20230703090422.0 |
| 008 |
230524s1929 hu o 0|| hun d |
| 040 |
|
|
|a SZTE Miscellanea Repozitórium
|b hun
|
| 041 |
|
|
|a hun
|
| 100 |
1 |
|
|a Rásonyi László
|
| 245 |
1 |
2 |
|a A Brassó név eredete
|h [elektronikus dokumentum] /
|c Rásonyi László
|
| 260 |
|
|
|a Királyi Magyar Egyetemi Nyomda
|b Budapest
|c 1929
|
| 300 |
|
|
|a 19 p.
|c 23 cm
|
| 490 |
0 |
|
|a Magyar nyelv : a Magyar Nyelvtudományi Társaság folyóirata
|
| 561 |
|
|
|a Németh Gyula hagyaték
|
| 591 |
|
|
|a NOA 4795; B 63622
|
| 650 |
|
4 |
|a Bölcsészettudományok
|
| 650 |
|
4 |
|a Nyelvek és irodalom
|
| 695 |
|
|
|a Etimológia - magyar - Brassó
|
| 856 |
4 |
0 |
|u http://misc.bibl.u-szeged.hu/64354/1/4795_noa.pdf
|z Dokumentum-elérés
|